| Tag |
First Indicator |
Second Indicator |
Subfields |
| LEADER |
00000cam a2200000 a 4500 |
| 001 |
in00002676513 |
| 005 |
20151202114741.0 |
| 008 |
110207s2008 au 000 d ger c |
| 010 |
|
|
|a 2008464437
|
| 015 |
|
|
|a 09,A04,2540
|2 dnb
|
| 015 |
|
|
|a 08,N11,1381
|2 dnb
|
| 016 |
7 |
|
|a 987661418
|2 DE-101
|
| 020 |
|
|
|a 9783854492870
|
| 020 |
|
|
|a 3854492871
|
| 029 |
1 |
|
|a OHX
|b har085003735
|
| 029 |
1 |
|
|a NZ1
|b 12239195
|
| 029 |
1 |
|
|a HEBIS
|b 20824185X
|
| 029 |
1 |
|
|a DEBBG
|b BV035388639
|
| 035 |
|
|
|a (OCoLC)ocn226355159
|
| 040 |
|
|
|a OHX
|b eng
|c STF
|d OHX
|d DLC
|d OSU
|d HEBIS
|d DEBBG
|d OCL
|d OCLCQ
|d OCL
|d TXA
|d UtOrBLW
|
| 042 |
|
|
|a pcc
|
| 049 |
|
|
|a TXAM
|
| 050 |
|
4 |
|a PT2678.O74
|b O77 2008
|
| 072 |
|
7 |
|a PT
|2 lcco
|
| 084 |
|
|
|a 830
|2 sdnb
|
| 084 |
|
|
|a B
|2 sdnb
|
| 084 |
|
|
|a GN 8639
|2 rvk
|
| 100 |
1 |
|
|a Rosei, Peter,
|d 1946-
|
| 245 |
1 |
0 |
|a Österreichs Grösse, Österreichs Stolz :
|b Ideentheater /
|c Peter Rosei.
|
| 246 |
3 |
0 |
|a Ideentheater
|
| 264 |
|
1 |
|a Wien :
|b Sonderzahl,
|c [2008]
|
| 264 |
|
4 |
|c ©2008
|
| 300 |
|
|
|a 106 pages ;
|c 22 cm.
|
| 336 |
|
|
|a text
|b txt
|2 rdacontent
|
| 337 |
|
|
|a unmediated
|b n
|2 rdamedia
|
| 338 |
|
|
|a volume
|b nc
|2 rdacarrier
|
| 505 |
0 |
|
|a Mozarttreiben -- Kaiser Franz Joseph und sein Engel -- Hitler in Wien.
|
| 600 |
1 |
0 |
|a Mozart, Wolfgang Amadeus,
|d 1756-1791
|v Drama.
|
| 600 |
0 |
0 |
|a Franz Joseph
|b I,
|c Emperor of Austria,
|d 1830-1916
|v Drama.
|
| 600 |
1 |
0 |
|a Hitler, Adolf,
|d 1889-1945
|v Drama.
|
| 653 |
|
|
|a Drama
|
| 700 |
1 |
2 |
|a Rosei, Peter,
|d 1946-
|t Mozarttreiben.
|
| 700 |
1 |
2 |
|a Rosei, Peter,
|d 1946-
|t Kaiser Franz Joseph und sein Engel.
|
| 700 |
1 |
2 |
|a Rosei, Peter,
|d 1946-
|t Hitler in Wien.
|
| 740 |
0 |
2 |
|a Mozarttreiben.
|
| 740 |
0 |
2 |
|a Kaiser Franz Joseph und sein Engel.
|
| 740 |
0 |
2 |
|a Hitler in Wien.
|
| 856 |
4 |
1 |
|3 Table of contents
|u http://bvbr.bib-bvb.de:8991/F?func=service&doc_library=BVB01&doc_number=017309463&line_number=0001&func_code=DB_RECORDS&service_type=MEDIA
|t 0
|
| 938 |
|
|
|a Otto Harrassowitz
|b HARR
|n har085003735
|
| 948 |
|
|
|a cataloged
|b h
|c 2011/3/22
|d c
|e jmarner
|f 4:41:08 pm
|
| 994 |
|
|
|a C0
|b TXA
|
| 999 |
|
|
|a MARS
|
| 999 |
f |
f |
|s a7685584-e219-3b4b-bb38-cfa6c92884f5
|i 5a387bc0-1767-35ed-b09e-e1eeb62ac2b7
|t 0
|
| 952 |
f |
f |
|p normal
|a Texas A&M University
|b College Station
|c Sterling C. Evans Library
|d Evans: Library Stacks
|t 0
|e PT2678.O74 O77 2008
|h Library of Congress classification
|i unmediated -- volume
|m A14839473685
|
| 998 |
f |
f |
|a PT2678.O74 O77 2008
|t 0
|l Evans: Library Stacks
|